000 00195nam a2200085 4500
001 1258896
005 20260402101013.0
245 _aKELİLE İLE DİMNE
_cNESLİHAN BEYHAN
260 _bSEMERKAND ÇOCUK
999 _c1258896
_d1258896